[Event "London Classic Open 2017"]
[Site "London ENG"]
[Date "2017.12.02"]
[Round "1.127"]
[White "Chatterjee, Sagnik"]
[Black "Englisch, Colya"]
[Result "0-1"]
[WhiteElo "1336"]
[BlackElo "2128"]
[WhiteFideId "64300455"]
[BlackFideId "36080420"]
[EventDate "2017.12.02"]

1. c4 Nf6 2. Nc3 g6 3. g3 Bg7 4. Bg2 O-O 5. d3 c5 6. a3 Nc6 7. Rb1 a5 8. Nf3 d5
9. cxd5 Nxd5 10. Bd2 b6 11. O-O Bb7 12. Nxd5 Qxd5 13. Ne1 Qd7 14. Qb3 Nd4 15.
Qxb6 Nxe2+ 16. Kh1 Bxg2+ 17. Kxg2 Qd5+ 18. f3 Rfb8 19. Qc7 Rb7 20. Bxa5 Rxc7 21.
Bxc7 Ra7 22. Rf2 Nd4 23. Bf4 Nb3 24. Rc2 Bd4 25. Rd1 Ra6 26. Re2 Re6 27. Rc2 g5
28. Bd2 g4 29. Bc3 Rxe1 0-1

[Event "London Classic Open 2017"]
[Site "London ENG"]
[Date "2017.12.02"]
[Round "1.128"]
[White "Smith, Andrew Philip"]
[Black "Thatte, Nandinee"]
[Result "1-0"]
[WhiteTitle "FM"]
[WhiteElo "2126"]
[BlackElo "1257"]
[WhiteFideId "2500833"]
[BlackFideId "64300625"]
[EventDate "2017.12.02"]

1. e4 d5 2. exd5 Qxd5 3. Nc3 Qa5 4. Bc4 Nf6 5. Nf3 Bf5 6. d3 e6 7. Bd2 c6 8. Ne4
Qc7 9. Nxf6+ gxf6 10. Bc3 Nd7 11. Qe2 O-O-O 12. Nh4 Bg6 13. Nxg6 hxg6 14. g3 Rh7
15. O-O-O Bd6 16. f4 Rdh8 17. Qg2 e5 18. fxe5 fxe5 19. d4 exd4 20. Bxd4 Ne5 21.
Be2 Kb8 22. Qf2 a6 23. Ba7+ Ka8 24. Bb6 Qe7 25. h4 Nd7 26. Bd4 Rf8 27. Rhe1 Qd8
28. Bf1 Qc7 29. Re3 f5 30. Rde1 Qb8 31. Rb3 Qc7 32. Re6 f4 33. g4 Ne5 34. Bxe5
Bxe5 35. Qc5 Bxb2+ 36. Kxb2 Rc8 37. Rb6 Rd7 38. Bxa6 bxa6 39. Rexc6 Qe5+ 40.
Qxe5 Rxc6 41. Qb8# 1-0

[Event "London Classic Open 2017"]
[Site "London ENG"]
[Date "2017.12.02"]
[Round "1.129"]
[White "Munkhdemberel, Pagamdulam"]
[Black "Rocco, Federico"]
[Result "0-1"]
[WhiteElo "1175"]
[BlackElo "2120"]
[WhiteFideId "4907043"]
[BlackFideId "431362"]
[EventDate "2017.12.02"]

1. e4 Nf6 2. Nc3 d6 3. d4 Nbd7 4. Be3 g6 5. Nf3 Ng4 6. Bd2 c5 7. d5 Bg7 8. h3
Ngf6 9. Bc4 a6 10. a4 O-O 11. O-O Ne8 12. Re1 b6 13. Bf4 Ne5 14. Nxe5 dxe5 15.
Bd2 Nd6 16. Bf1 Bd7 17. Qe2 b5 18. axb5 axb5 19. Qe3 Qc7 20. Kh1 b4 21. Na2 Ra7
22. b3 Rfa8 23. c3 bxc3 24. Bxc3 Rxa2 25. Rxa2 Rxa2 26. Rc1 Qb7 27. Bd3 Bb5 28.
Bb1 Re2 29. Qf3 f5 30. exf5 e4 31. Qg3 Nxf5 32. Qh2 Bxc3 33. Qf4 Bd2 34. Qg4
Bxc1 35. Bxe4 Qc7 36. g3 Rxf2 37. Bxf5 Rxf5 38. Qe4 Qxg3 39. Qe6+ Kf8 40. Qc8+
Kg7 0-1

[Event "London Classic Open 2017"]
[Site "London ENG"]
[Date "2017.12.02"]
[Round "1.131"]
[White "Gallagher, Joseph G."]
[Black "Sarvesh, Kumar A"]
[Result "1-0"]
[WhiteTitle "GM"]
[WhiteElo "2446"]
[BlackElo "1877"]
[WhiteFideId "1303422"]
[BlackFideId "35019236"]
[EventDate "2017.12.02"]

1. e4 e5 2. Nf3 Nc6 3. Bc4 Bc5 4. c3 Nf6 5. d3 a6 6. Bb3 Ba7 7. h3 d6 8. Nbd2
Qe7 9. Nf1 Be6 10. Bc2 h6 11. Ng3 d5 12. Qe2 d4 13. Bd2 Qd6 14. Nh4 Ne7 15. O-O
g5 16. Nhf5 Bxf5 17. exf5 O-O-O 18. Rfe1 Nc6 19. Qf3 Qd5 20. Qxd5 Nxd5 21. c4
Nf4 22. Kh2 Bc5 23. a3 Bd6 24. b4 b5 25. Ne4 f6 26. Rac1 Be7 27. g3 Nh5 28. cxb5
axb5 29. Bd1 Ng7 30. Rxc6 Kb7 31. Rc2 Ra8 32. Bf3 Kc8 33. Nxf6 1-0

[Event "London Classic Open 2017"]
[Site "London ENG"]
[Date "2017.12.02"]
[Round "1.132"]
[White "Hughes, Anthony"]
[Black "Ladron De Guevara Pinto, Paolo"]
[Result "0-1"]
[WhiteTitle "CM"]
[BlackTitle "IM"]
[WhiteElo "1810"]
[BlackElo "2422"]
[WhiteFideId "1803093"]
[BlackFideId "2290847"]
[EventDate "2017.12.02"]

1. d4 Nf6 2. Nf3 g6 3. c3 Bg7 4. Bg5 d6 5. e3 O-O 6. Be2 Nbd7 7. O-O b6 8. Qc2
Bb7 9. Nbd2 c5 10. Rfe1 Rc8 11. Rad1 Qc7 12. h3 Rfe8 13. Bf4 cxd4 14. exd4 Nd5
15. Bg3 a6 16. a4 N7f6 17. Qb3 Nh5 18. Bc4 e6 19. Bh2 Ndf4 20. Bf1 e5 21. dxe5
dxe5 22. g4 Nf6 23. Bxf4 exf4 24. Bg2 Bd5 25. Qc2 Qb7 26. Qd3 Red8 27. Qe2 Bc6
28. Nh4 Nd5 29. Bf3 a5 30. Ne4 Bxa4 31. Rxd5 Rxd5 32. c4 Re5 33. Nf6+ Bxf6 34.
Qxe5 Bxe5 35. Bxb7 Re8 36. Nf3 Bxb2 37. Rb1 Re2 38. Kf1 Rc2 39. Bd5 Rc1+ 40.
Rxc1 Bxc1 41. Ne5 Bb3 42. Nd3 Ba3 43. Nxf4 a4 44. Ke2 Bb2 45. c5 bxc5 46. Bxb3
axb3 47. Kd3 Be5 48. Nd5 f6 49. f4 Bd4 50. Nb6 Kf7 51. Nc4 Ke6 52. Na3 f5 53.
Nb1 fxg4 54. hxg4 h5 55. f5+ Kf6 56. Nd2 b2 57. fxg6 hxg4 58. Kc2 Kxg6 59. Ne4
Kf5 60. Ng3+ Kf4 61. Ne2+ Kf3 0-1

[Event "London Classic Open 2017"]
[Site "London ENG"]
[Date "2017.12.03"]
[Round "2.1"]
[White "Motylev, Alexander"]
[Black "Radovanovic, Jovica"]
[Result "1-0"]
[WhiteTitle "GM"]
[BlackTitle "FM"]
[WhiteElo "2675"]
[BlackElo "2320"]
[WhiteFideId "4121830"]
[BlackFideId "915912"]
[EventDate "2017.12.02"]

1. e4 c5 2. Nf3 d6 3. d4 cxd4 4. Nxd4 Nf6 5. Nc3 a6 6. g3 e5 7. Nde2 b5 8. Bg5
Nbd7 9. Nd5 h6 10. Bxf6 Nxf6 11. Nxf6+ Qxf6 12. Nc3 Qd8 13. a4 bxa4 14. Rxa4 Be7
15. Bb5+ Bd7 16. Bxd7+ Qxd7 17. Qd3 Qb7 18. Qd5 Qc8 19. Rc4 Qd8 20. Qc6+ Kf8 21.
Nd5 g6 22. O-O Kg7 23. Qb7 Bg5 24. Rc7 Rf8 25. b4 Bd2 26. c3 Rc8 27. Rd7 Qe8 28.
Rxd6 Bxc3 29. Nc7 Rxc7 30. Qxc7 Bxb4 31. Rxa6 Qb5 32. Rb6 Qa5 33. Rc1 Bd2 34.
Rcc6 Kh7 35. Rf6 Be3 36. Rxf7+ 1-0

[Event "London Classic Open 2017"]
[Site "London ENG"]
[Date "2017.12.03"]
[Round "2.2"]
[White "Fenil, Shah"]
[Black "Sargissian, Gabriel"]
[Result "0-1"]
[WhiteTitle "FM"]
[BlackTitle "GM"]
[WhiteElo "2324"]
[BlackElo "2672"]
[WhiteFideId "5019850"]
[BlackFideId "13300881"]
[EventDate "2017.12.02"]

1. d4 Nf6 2. c4 e6 3. g3 d5 4. Bg2 Bb4+ 5. Nd2 O-O 6. Nf3 b6 7. O-O Bb7 8. Ne5
Nc6 9. Qa4 a5 10. Nxc6 Qe8 11. a3 Bd6 12. Qc2 Bxc6 13. Re1 Rc8 14. b3 dxc4 15.
Bxc6 Qxc6 16. Qxc4 Qb7 17. e4 Be7 18. e5 Nd7 19. Ne4 Rfd8 20. Bg5 Bxg5 21. Nxg5
Nf8 22. Rac1 Rd7 23. Qc3 Qd5 24. Nf3 Ng6 25. Qc6 Ne7 26. Qxd5 Rxd5 27. Rc3 h6
28. Rec1 c6 29. h4 Rcd8 30. Kg2 Rb5 31. R1c2 Kf8 32. Rd3 c5 33. Rcd2 cxd4 34.
Rxd4 Rxd4 35. Rxd4 Ke8 36. Rd3 Rc5 37. Kf1 Nc6 38. Re3 b5 39. Ke1 Rc1+ 40. Ke2
Rc2+ 41. Ke1 Ra2 42. Rc3 Kd7 43. Rc5 Rxa3 44. Rxb5 a4 45. Rb7+ Kc8 46. Rxf7 axb3
47. Nd2 b2 48. Rxg7 Ra1+ 49. Ke2 Nd4+ 0-1

[Event "London Classic Open 2017"]
[Site "London ENG"]
[Date "2017.12.03"]
[Round "2.3"]
[White "Iturrizaga Bonelli, Eduardo"]
[Black "Jackson, James P"]
[Result "1/2-1/2"]
[WhiteTitle "GM"]
[BlackTitle "FM"]
[WhiteElo "2665"]
[BlackElo "2314"]
[WhiteFideId "3901211"]
[BlackFideId "416860"]
[EventDate "2017.12.02"]

1. c4 c5 2. g3 e6 3. Bg2 Nf6 4. Nf3 d5 5. cxd5 exd5 6. d4 Nc6 7. O-O Be7 8. dxc5
Bxc5 9. a3 Ne4 10. b4 Be7 11. Bb2 Bf6 12. Nd4 Qb6 13. Nxc6 Qxc6 14. Bxf6 Qxf6
15. Qxd5 Qxa1 16. Qb5+ Bd7 17. Qxb7 O-O 18. Qxd7 Nf6 19. Qa4 Rac8 20. Nd2 Qb2
21. Nf3 Rc3 22. Qxa7 Rxa3 23. Qc5 Qxe2 24. b5 Rxf3 25. Bxf3 Qxf3 26. b6 h5 27.
Rb1 Qe4 28. Rb4 Qb7 29. Qc7 Qb8 30. Rc4 Nd5 31. Qc6 Ne7 32. Qe4 Nc8 33. Rb4 Nd6
34. Qd5 g6 35. g4 hxg4 36. Rxg4 Kg7 37. Qd4+ f6 38. Rxg6+ Kxg6 39. Qg4+ Kh7 40.
Qh5+ Kg7 41. Qg4+ Kh7 1/2-1/2

[Event "London Classic Open 2017"]
[Site "London ENG"]
[Date "2017.12.03"]
[Round "2.4"]
[White "Paterek, Michal"]
[Black "Nabaty, Tamir"]
[Result "1/2-1/2"]
[WhiteTitle "FM"]
[BlackTitle "GM"]
[WhiteElo "2315"]
[BlackElo "2657"]
[WhiteFideId "1116142"]
[BlackFideId "2809052"]
[EventDate "2017.12.02"]

1. d4 Nf6 2. c4 e6 3. Nc3 Bb4 4. e3 c5 5. Ne2 cxd4 6. exd4 d5 7. a3 Be7 8. Nf4
Nc6 9. Be3 O-O 10. cxd5 exd5 11. Be2 Be6 12. O-O Rc8 13. Qd3 Na5 14. Rae1 Nc4
15. Bc1 Qb6 16. Nxe6 fxe6 17. Qh3 Nxb2 18. Bxb2 Qxb2 19. Qxe6+ Kh8 20. Qxe7 Qxc3
21. Qxb7 Ne4 22. Bg4 Rcd8 23. Re3 Qxd4 24. Rd1 Qa4 25. Qb3 Qxb3 26. Rxb3 Nxf2
27. Rd4 Nxg4 28. Rxg4 Rd7 29. Rd4 Kg8 30. Rb5 Rf5 31. Ra5 h5 32. Rda4 Re7 33. g4
Re1+ 34. Kg2 Re2+ 35. Kg3 Re3+ 36. Kg2 hxg4 37. Rxg4 Re2+ 38. Kg3 Re3+ 39. Kg2
Re7 40. Rga4 Re2+ 41. Kg3 Re1 42. h4 Rg1+ 43. Kh2 Rg6 44. Rxa7 Rf2+ 45. Kh3 Rf1
46. Kh2 Rfg1 47. Rd4 R1g2+ 48. Kh1 R2g4 49. Rxg4 Rxg4 50. Rd7 Rxh4+ 51. Kg2 Rd4
52. a4 Kh7 53. a5 Kh6 54. Kf3 g5 55. Ke3 Re4+ 56. Kf3 Rf4+ 57. Kg3 Rd4 58. a6
Kh5 59. a7 Rd3+ 60. Kg2 Ra3 61. Rxd5 Kh4 62. Rd7 Ra2+ 63. Kg1 g4 64. Rb7 Kh3 65.
Rc7 Ra1+ 66. Kf2 g3+ 67. Kf3 Ra3+ 68. Ke2 Ra2+ 69. Kf3 Ra3+ 70. Ke2 Kh2 71. Rh7+
Kg1 72. Rb7 g2 73. Rg7 Ra6 74. Rb7 Ra5 75. Re7 Ra2+ 76. Ke1 Ra4 77. Ke2 Ra3 78.
Ke1 Ra2 79. Rh7 Ra1+ 80. Ke2 Ra3 81. Re7 Ra5 82. Ke1 Kh2 83. Rh7+ Kg3 84. Rg7+
Kh2 85. Rh7+ Kg1 86. Re7 Ra2 87. Rh7 Ra3 88. Ke2 Ra1 89. Re7 Ra2+ 90. Ke1 Kh2
91. Rh7+ Kg3 92. Rg7+ Kf3 93. Rf7+ Ke3 94. Re7+ Kd3 95. Rg7 Rxa7 96. Rg3+ Ke4
97. Rxg2 Ra1+ 98. Kf2 Ra2+ 99. Kg3 Rxg2+ 100. Kxg2 1/2-1/2

[Event "London Classic Open 2017"]
[Site "London ENG"]
[Date "2017.12.03"]
[Round "2.5"]
[White "Jones, Gawain C B"]
[Black "Vignesh, B"]
[Result "1-0"]
[WhiteTitle "GM"]
[WhiteElo "2654"]
[BlackElo "2287"]
[WhiteFideId "409561"]
[BlackFideId "5073600"]
[EventDate "2017.12.02"]

1. Nf3 Nf6 2. c4 e6 3. g3 d5 4. Bg2 Be7 5. O-O O-O 6. b3 b6 7. Bb2 Bb7 8. e3 c5
9. Nc3 Nc6 10. cxd5 Nxd5 11. Nxd5 Qxd5 12. d4 Rad8 13. Ne5 Qd6 14. dxc5 Qxd1 15.
Raxd1 Nxe5 16. Bxb7 Nd3 17. cxb6 axb6 18. Bd4 Nc5 19. Bf3 Rc8 20. Rc1 f6 21. b4
Nd3 22. Rxc8 Rxc8 23. a3 Ne5 24. Be4 Nc4 25. Rc1 Nd6 26. Rxc8+ Nxc8 27. f4 Kf7
28. Bd3 Bd8 29. Kf2 g6 30. e4 Ne7 31. Bb5 Bc7 32. a4 Nc8 33. e5 Ne7 34. exf6 Nd5
35. Be5 Bd8 36. Bd6 Bxf6 37. a5 Bd4+ 38. Kf3 bxa5 1-0

[Event "London Classic Open 2017"]
[Site "London ENG"]
[Date "2017.12.03"]
[Round "2.6"]
[White "Derakhshani, Borna"]
[Black "Grandelius, Nils"]
[Result "1/2-1/2"]
[WhiteTitle "FM"]
[BlackTitle "GM"]
[WhiteElo "2298"]
[BlackElo "2647"]
[WhiteFideId "12518450"]
[BlackFideId "1710400"]
[EventDate "2017.12.02"]

1. d4 Nf6 2. Bf4 c5 3. e3 g6 4. c3 Qb6 5. Qb3 Bg7 6. Nd2 O-O 7. Ngf3 d6 8. Bd3
Nc6 9. Bg3 Be6 10. Qb5 cxd4 11. exd4 Qc7 12. O-O a6 13. Qa4 b5 14. Qd1 Na5 15.
Re1 Rab8 16. Ng5 Bd5 17. Qe2 Rfe8 18. f4 Nc4 19. b3 Nb2 20. Rac1 Nxd3 21. Qxd3
Qd7 22. c4 bxc4 23. bxc4 Ba8 24. Nb3 h6 25. Nf3 Qg4 26. c5 Rbc8 27. cxd6 exd6
28. Rxc8 Qxc8 29. Rxe8+ Nxe8 30. f5 gxf5 31. d5 Qb7 32. Qe2 Nf6 33. Nh4 Qxd5 34.
Qxa6 Ne4 35. Qc8+ Bf8 36. Qxf5 Qd1+ 37. Qf1 Qc2 38. Nf5 Qxa2 39. Nbd4 Qd2 40.
Bf4 Qb2 41. Bxh6 1/2-1/2

[Event "London Classic Open 2017"]
[Site "London ENG"]
[Date "2017.12.03"]
[Round "2.7"]
[White "Risting, Eivind Olav"]
[Black "Melkumyan, Hrant"]
[Result "0-1"]
[WhiteTitle "FM"]
[BlackTitle "GM"]
[WhiteElo "2279"]
[BlackElo "2633"]
[WhiteFideId "1517333"]
[BlackFideId "13302485"]
[EventDate "2017.12.02"]

1. e4 c6 2. d4 d5 3. exd5 cxd5 4. Bd3 Nc6 5. c3 Nf6 6. Bf4 Bg4 7. Qb3 Qd7 8. Nd2
e6 9. Ngf3 Bxf3 10. Nxf3 Bd6 11. Bxd6 Qxd6 12. O-O Rb8 13. a4 O-O 14. Rfe1 Nd7
15. Qc2 g6 16. Qe2 a6 17. g3 Rfe8 18. Kg2 Kg7 19. Rad1 Qc7 20. h4 h5 21. Qe3 b5
22. axb5 axb5 23. Ng5 Nf6 24. Nf3 b4 25. Rc1 bxc3 26. bxc3 Rb3 27. Qd2 Ra8 28.
Rb1 Rba3 29. Rb2 Na5 30. Rc2 Rc8 31. Ne5 Nc6 32. Nf3 Qa5 33. Rb1 Ne7 34. Rbc1
Rb8 35. Ne5 Rbb3 36. Rb2 Qc7 37. Rxb3 Rxb3 38. Qc2 Rb6 39. Qa4 Nc6 40. Nf3 Ng4
41. Rb1 Rxb1 42. Bxb1 Qb6 43. Bd3 Qb2 44. Qc2 Qa1 45. Ng5 Ne7 46. Nf3 Nc8 47. c4
dxc4 48. Bxc4 Ne7 49. Ba2 Nf5 50. Qd2 Kg8 51. Bb3 Qb1 52. Bc4 Qb7 53. Qd3 Qb2
54. Qe2 Qb7 55. Qd3 Kg7 56. Kg1 Qc7 57. d5 Qc5 58. Qc3+ e5 59. Qc2 Nxg3 60. Bb3
Qa7 61. Qb2 f6 62. d6 Nf5 63. Be6 Nxd6 64. Bxg4 hxg4 65. Nxe5 g3 66. Ng4 Ne4 67.
Kg2 gxf2 68. Nxf2 Qxf2+ 69. Qxf2 Nxf2 70. Kxf2 Kh6 0-1

[Event "London Classic Open 2017"]
[Site "London ENG"]
[Date "2017.12.03"]
[Round "2.8"]
[White "Maze, Sebastien"]
[Black "Ojas, Kulkarni"]
[Result "1-0"]
[WhiteTitle "GM"]
[WhiteElo "2614"]
[BlackElo "2278"]
[WhiteFideId "613762"]
[BlackFideId "25040073"]
[EventDate "2017.12.02"]

1. e4 e5 2. Nf3 Nc6 3. Bb5 a6 4. Ba4 Nf6 5. O-O Be7 6. d3 d6 7. c4 O-O 8. h3 Bd7
9. Nc3 Re8 10. Be3 Bf8 11. Rc1 Ne7 12. b4 Ng6 13. Nd5 Rc8 14. Nxf6+ gxf6 15. Nd2
b5 16. cxb5 axb5 17. Bb3 f5 18. f4 Bh6 19. exf5 Nxf4 20. Kh2 Qh4 21. Qg4+ Qxg4
22. hxg4 Kg7 23. d4 Ne2 24. g5 Bxg5 25. Bxg5 f6 26. Rce1 exd4 27. Bh4 c5 28. Be6
Bxe6 29. Rxe2 Bd5 30. Rxe8 Rxe8 31. Re1 Rxe1 32. Bxe1 Bxa2 33. Ne4 cxb4 34. Bxb4
d5 35. Nc5 Bb1 36. Ne6+ Kh6 37. g4 1-0

[Event "London Classic Open 2017"]
[Site "London ENG"]
[Date "2017.12.03"]
[Round "2.9"]
[White "Perez, Flavio"]
[Black "Cornette, Matthieu"]
[Result "0-1"]
[WhiteTitle "FM"]
[BlackTitle "GM"]
[WhiteElo "2276"]
[BlackElo "2606"]
[WhiteFideId "623911"]
[BlackFideId "620084"]
[EventDate "2017.12.02"]

1. Nf3 d5 2. g3 Nf6 3. Bg2 c5 4. d3 Nc6 5. O-O Bg4 6. Nbd2 e6 7. e4 Be7 8. h3
Bh5 9. Re1 Qc7 10. c3 O-O 11. Qc2 Rad8 12. Nf1 c4 13. dxc4 Nxe4 14. cxd5 exd5
15. Bf4 Qc8 16. Ne5 Nxe5 17. Bxe5 Bg6 18. Qe2 Rfe8 19. Bd4 Bf5 20. Ne3 Bxh3 21.
Nxd5 Bxg2 22. Nxe7+ Rxe7 23. Kxg2 Ng5 24. Qh5 Qc6+ 25. f3 Ne6 26. Re4 Red7 27.
Rae1 h6 28. Be3 Rd5 29. Qh3 f5 30. Rb4 Rd2+ 31. Bf2 Ng5 32. Qxf5 Rf8 0-1

[Event "London Classic Open 2017"]
[Site "London ENG"]
[Date "2017.12.03"]
[Round "2.10"]
[White "Hawkins, Jonathan"]
[Black "Lyell, Mark"]
[Result "1-0"]
[WhiteTitle "GM"]
[BlackTitle "FM"]
[WhiteElo "2579"]
[BlackElo "2264"]
[WhiteFideId "412686"]
[BlackFideId "402354"]
[EventDate "2017.12.02"]

1. e4 e6 2. d4 d5 3. Nd2 Nf6 4. e5 Nfd7 5. Bd3 c5 6. c3 Nc6 7. Ne2 cxd4 8. cxd4
f6 9. exf6 Nxf6 10. O-O Bd6 11. Nf3 Qc7 12. Nc3 a6 13. Bd2 O-O 14. Rc1 Bd7 15.
Re1 Qb6 16. Na4 Qa7 17. Be3 b6 18. Ne5 Nxe5 19. dxe5 Bxe5 20. Nxb6 d4 21. Nxd7
dxe3 22. Nxf6+ Rxf6 23. fxe3 Qb8 24. h3 Bxb2 25. Rb1 Qe5 26. Qc2 Bc3 27. Bxh7+
Kh8 28. Qe4 Qxe4 29. Bxe4 Bxe1 30. Bxa8 Bf2+ 31. Kf1 Bxe3+ 32. Ke2 Bd4 33. Be4
g5 34. Kd3 e5 35. Rb7 Kg8 36. a4 a5 37. Rb5 Rd6 38. Rxa5 Bc5+ 39. Kc4 Rd4+ 40.
Kxc5 Rxe4 41. Kd5 Re2 42. g4 Kf7 43. Rb5 e4 44. a5 e3 45. Kd4 Re1 46. Kd3 e2 47.
Re5 Rh1 48. Rxe2 Rxh3+ 49. Kc4 Ra3 50. Kb5 Rb3+ 51. Ka4 Rb1 52. Re4 Kf6 53. a6 1-0

[Event "London Classic Open 2017"]
[Site "London ENG"]
[Date "2017.12.03"]
[Round "2.11"]
[White "Merriman, John"]
[Black "Moussard, Jules"]
[Result "0-1"]
[BlackTitle "GM"]
[WhiteElo "2263"]
[BlackElo "2576"]
[WhiteFideId "402362"]
[BlackFideId "642908"]
[EventDate "2017.12.02"]

1. d4 Nf6 2. c4 e6 3. Nc3 Bb4 4. e3 O-O 5. Ne2 d5 6. a3 Be7 7. cxd5 exd5 8. Nf4
c6 9. Bd3 Na6 10. O-O Nc7 11. f3 a5 12. Bd2 c5 13. dxc5 Bxc5 14. Nce2 g5 15. Nh3
Bxh3 16. gxh3 Re8 17. Nd4 Bxd4 18. exd4 Ne6 19. Kh1 Nh5 20. h4 Nhf4 21. Bb5 Re7
22. hxg5 Qb6 23. Bxf4 Nxf4 24. a4 Ne6 25. Re1 Rc7 26. Qb3 Qxd4 27. Rad1 Qh4 28.
Qxd5 Rc2 29. Re2 Rxe2 30. Bxe2 Rd8 31. Qe4 Rxd1+ 32. Bxd1 Qf2 33. Qe2 Qd4 34.
Bb3 Nxg5 35. Kg2 Qd7 36. Kg1 Kf8 37. Bd1 Nh3+ 38. Kh1 Qxd1+ 0-1

[Event "London Classic Open 2017"]
[Site "London ENG"]
[Date "2017.12.03"]
[Round "2.12"]
[White "Donchenko, Alexander"]
[Black "Soham, Das"]
[Result "1-0"]
[WhiteTitle "GM"]
[WhiteElo "2569"]
[BlackElo "2263"]
[WhiteFideId "24603295"]
[BlackFideId "35026763"]
[EventDate "2017.12.02"]

1. d4 Nf6 2. c4 e6 3. Nc3 Bb4 4. Qc2 O-O 5. Nf3 d5 6. a3 Be7 7. Bf4 Nh5 8. Bd2
Nf6 9. e4 c5 10. dxc5 Bxc5 11. cxd5 Ng4 12. Bg5 Qa5 13. Bh4 exd5 14. exd5 Na6
15. Be2 Nb4 16. Qd1 Qb6 17. O-O Na6 18. Na4 Qd6 19. Bg3 Qe7 20. Bxa6 bxa6 21. d6 1-0

[Event "London Classic Open 2017"]
[Site "London ENG"]
[Date "2017.12.03"]
[Round "2.13"]
[White "Marzano, Carlo"]
[Black "Le Roux, Jean-Pierre"]
[Result "1/2-1/2"]
[BlackTitle "GM"]
[WhiteElo "2261"]
[BlackElo "2560"]
[WhiteFideId "802980"]
[BlackFideId "609404"]
[EventDate "2017.12.02"]

1. d4 Nf6 2. c4 g6 3. Nc3 d5 4. e3 Bg7 5. Qb3 e6 6. Qa3 Nc6 7. Bd2 Ne7 8. Rc1 c6
9. Nf3 O-O 10. Bd3 a5 11. b3 Nf5 12. O-O Nd6 13. Rfd1 Nfe4 14. Be1 Nxc3 15. Bxc3
Re8 16. Be2 b6 17. Be1 Bb7 18. Rc2 Qe7 19. Bc3 Rac8 20. Rdc1 Red8 21. Bb2 Bf8
22. Ba1 f6 23. h3 Qe8 24. Qa4 Ra8 25. c5 b5 26. Qa3 Nf7 27. Qb2 Bg7 28. a3 Ra7
29. Qc3 Bc8 30. Qd2 Qe7 31. Bc3 Qc7 32. Qe1 Re8 33. Bd3 e5 34. dxe5 Nxe5 35. Be2
Nf7 36. Nd4 Ra8 37. Bd3 Ng5 38. Qf1 Bd7 39. Ra1 a4 40. b4 f5 41. Ne2 Bxc3 42.
Rxc3 Re7 43. Rc2 Ne6 44. Qc1 Rf8 45. Nd4 f4 46. Nxe6 Rxe6 47. exf4 Rxf4 48. Re2
Rxe2 49. Bxe2 Qe5 50. Bf1 Bf5 51. Ra2 Re4 52. Rd2 Re1 53. Rd1 Rxd1 54. Qxd1 Kf7
55. Qf3 Ke7 56. Qe3 Qxe3 57. fxe3 Ke6 58. Kf2 Ke5 59. Ke2 g5 60. g3 h5 61. h4
Bg4+ 62. Kd3 Bf5+ 63. Kd2 g4 64. Kc3 Be4 65. Be2 Bf5 1/2-1/2

[Event "London Classic Open 2017"]
[Site "London ENG"]
[Date "2017.12.03"]
[Round "2.14"]
[White "Mikhalevski, Victor"]
[Black "Ronka, Erik"]
[Result "1-0"]
[WhiteTitle "GM"]
[WhiteElo "2545"]
[BlackElo "2260"]
[WhiteFideId "2801914"]
[BlackFideId "505080"]
[EventDate "2017.12.02"]

1. d4 g6 2. g3 Bg7 3. Bg2 c5 4. c3 Qa5 5. d5 d6 6. Nh3 Nf6 7. Nf4 Na6 8. O-O b5
9. e4 O-O 10. Nd2 Nc7 11. Re1 Nd7 12. a4 a6 13. Ra3 Qb6 14. a5 Qb7 15. Nd3 e5
16. dxe6 fxe6 17. e5 d5 18. Nb3 Qc6 19. f4 b4 20. cxb4 cxb4 21. Ra1 Rb8 22. Be3
Re8 23. Rc1 Qb7 24. h4 Nb5 25. h5 Na7 26. Nd4 Nf8 27. hxg6 hxg6 28. Nf3 Ra8 29.
Bb6 Qb8 30. Nd4 Nd7 31. Bc7 Qb7 32. Qg4 Nf8 33. Bb6 Re7 34. Nxb4 Nb5 35. Nxb5
axb5 36. Rc5 Bd7 37. Rc7 Qb8 38. Nc6 Bxc6 39. Rxe7 1-0

[Event "London Classic Open 2017"]
[Site "London ENG"]
[Date "2017.12.03"]
[Round "2.15"]
[White "Globus, Or"]
[Black "Vishnu Prasanna, V"]
[Result "1-0"]
[BlackTitle "GM"]
[WhiteElo "2253"]
[BlackElo "2536"]
[WhiteFideId "2816776"]
[BlackFideId "5030692"]
[EventDate "2017.12.02"]

1. d4 Nf6 2. c4 e6 3. Nf3 c5 4. d5 d6 5. Nc3 exd5 6. cxd5 g6 7. Qa4+ Bd7 8. Qb3
b5 9. Nxb5 Bxb5 10. Qxb5+ Nbd7 11. e4 Bg7 12. Bd3 O-O 13. O-O Re8 14. Re1 Rb8
15. Qa6 Nh5 16. Bg5 Bf6 17. Bxf6 Qxf6 18. Qxa7 Re7 19. e5 dxe5 20. Qc7 Rxb2 21.
d6 Re6 22. Qxd7 Rxd6 23. Qe8+ Kg7 24. Bc4 Rb4 25. Nxe5 Rd2 26. Qxf7+ Qxf7 27.
Bxf7 1-0

[Event "London Classic Open 2017"]
[Site "London ENG"]
[Date "2017.12.03"]
[Round "2.16"]
[White "Handke, Florian"]
[Black "Lercel, Michal"]
[Result "1-0"]
[WhiteTitle "GM"]
[WhiteElo "2526"]
[BlackElo "2244"]
[WhiteFideId "4634527"]
[BlackFideId "1114700"]
[EventDate "2017.12.02"]

1. e4 e5 2. Nf3 Nc6 3. Bb5 a6 4. Ba4 Nf6 5. d3 Bc5 6. O-O b5 7. Bb3 d6 8. c3 O-O
9. Bg5 h6 10. Bh4 g5 11. Bg3 Bg4 12. Nbd2 Nh5 13. Bd5 Ne7 14. Bxa8 Qxa8 15. h3
Nxg3 16. hxg4 Nxf1 17. Nxf1 Bb6 18. Ng3 Qc8 19. Nd2 Qe6 20. Qf3 c6 21. a4 f6 22.
axb5 axb5 23. Ra6 Rb8 24. Ndf1 Kf7 25. Ne3 Qc8 26. Nh5 Ng8 27. Ra1 Bxe3 28. fxe3
Ra8 29. Rxa8 Qxa8 30. Qf5 1-0

[Event "London Classic Open 2017"]
[Site "London ENG"]
[Date "2017.12.03"]
[Round "2.17"]
[White "Richardson, John R"]
[Black "Kotronias, Vasilios"]
[Result "0-1"]
[WhiteTitle "FM"]
[BlackTitle "GM"]
[WhiteElo "2243"]
[BlackElo "2524"]
[WhiteFideId "401617"]
[BlackFideId "5900212"]
[EventDate "2017.12.02"]

1. Nf3 Nf6 2. c4 g6 3. b4 Bg7 4. Bb2 O-O 5. g3 Nc6 6. b5 Na5 7. d3 c6 8. Bg2 d5
9. cxd5 cxb5 10. e4 e6 11. d6 e5 12. Bxe5 Nc6 13. Bb2 Qxd6 14. e5 Qb4+ 15. Bc3
Qe7 16. O-O Nd5 17. Bb2 Bf5 18. Nh4 Be6 19. d4 Rfd8 20. Nd2 Ndb4 21. Nhf3 Nd3
22. Qb1 Bf5 23. Nh4 Nxb2 24. Nxf5 gxf5 25. Qxb2 Nxd4 26. f4 Rac8 27. Nb3 Rc2 28.
Qb1 Qc7 29. Rd1 Ne2+ 30. Kh1 Rc8 31. Rd2 Rxd2 32. Nxd2 Qc1+ 33. Qxc1 Rxc1+ 34.
Rxc1 Nxc1 35. Bd5 a5 36. Kg2 a4 37. Nb1 b4 38. Kf2 Bf8 39. Ke1 Nxa2 40. Bxa2 b3
41. Bxb3 axb3 42. Kd1 Bb4 43. Kc1 Bc5 44. Nc3 Bg1 45. h3 Bf2 46. Ne2 h5 47. Kb2
f6 48. Kxb3 Kf7 49. Kc4 Ke6 50. exf6 Kxf6 51. Kd5 b5 52. g4 fxg4 53. hxg4 hxg4
54. Ke4 b4 55. Nc1 Bc5 56. Nb3 Bd6 57. Nd4 g3 58. Ne2 b3 59. Kd3 g2 60. Kc3 Kf5
61. Kxb3 Bxf4 62. Kc2 Ke4 63. Kd1 Be3 64. Ke1 Kf3 65. Kd1 Kf2 0-1